01426nam a2200277 a 450000100100000000500170001000800410002702000150006804000250008308200210010810000300012924501020015926000390026130000200030050000640032050000730038460000660045765000280052365000310055191000370058295201340061995201340075395201190088795201250100699900170113100001124820240412074224.0091015s2000 dr 000 p spa d a9993433012 aDO-SdBNPbspacBNPHU aRD864.44bV732zw1 aWilson Jay, Marino92681310aEnsayos sobre la poesía de Víctor Villegas /cMarino Wilson Jay, Gualterio Núñez Estrada. aSanto Domingo :bMediabyte,c2000. a85 p. ;c21 cm. aIncluye datos biográficos del autor en la contracubierta. aIncluye referencias bibliográficas y notas al pie de las páginas14aVILLEGAS, VICTOR,d1924-xCRÍTICA E INTERPRETACIÓN923601 0aPoesía dominicana966 0aLiteratura dominicana.967 aValidado. Control de calidad MFF 001054708DSaGRbGRcHDd2013-12-04iLF1l0oRD864.44 V732zwp11248-30r2020-06-25te. 3w2020-06-25yLFDSZPréstamo en sala 001054708DSaGRbGRcHDd2015-05-14iLF1l0oRD864.44 V732zwp11248-40r2020-06-25te. 4w2020-06-25yLFDSZPréstamo en sala 0010718PDaPDbPDcHDd2009-10-15iLF1l0oRD864.44 V732zwp11248-10r2020-06-25w2020-06-25yLFPDZNo se presta 0010718PDaPDbPDcHDd2009-10-15iLF1l0oRD864.44 V732zwp11248-20r2020-06-25te. 2w2020-06-25yLFPDZNo se presta c10967d10967